000 00450nam a2200193Ia 4500
005 20240823044532.0
008 240823s9999||||xx |||||||||||||| ||und||
020 _a81-89248-21-9
041 _aENGLISH
082 _A248.29
100 _aSwami Vivekanandan
245 0 _aChicago Prasangangal
250 _a1st
260 _c2013
_bvivekanda Kendra Prak
500 _aTRANSFERED
650 _aGeneral
_bGeneral
942 _cBK
999 _c212822
_d212822